La calificación de riesgo y los agentes de calificación de riesgo (ACR) en la nueva regulación (Registro nro. 11899)

Detalles MARC
000 -LEADER
fixed length control field 00360 a2200109 4500
001 - CONTROL NUMBER
control field ART_20150
005 - DATE AND TIME OF LATEST TRANSACTION
control field 20260410161625.0
008 - FIXED-LENGTH DATA ELEMENTS--GENERAL INFORMATION
fixed length control field 260409a
100 1# - MAIN ENTRY--PERSONAL NAME
Personal name Elespe, Douglas
245 10 - TITLE STATEMENT
Title La calificación de riesgo y los agentes de calificación de riesgo (ACR) en la nueva regulación
773 0# - HOST ITEM ENTRY
Title Enfoques
Related parts - Nº 10 (oct. 2013)
Record control number REV416

No hay ítems disponibles.